| 000 | 00830cam a2200277 4500500 | ||
|---|---|---|---|
| 005 | 20260329010131.0 | ||
| 041 | _afre | ||
| 042 | _adc | ||
| 100 | 1 | 0 |
_aGarcia, Tristan _eauthor |
| 245 | 0 | 0 | _aTristan Garcia : Tolkien et le mythe du désenchantement |
| 260 | _c2022. | ||
| 500 | _a31 | ||
| 690 | _aAnneau | ||
| 690 | _aDésenchantement | ||
| 690 | _aHeroic fantasy | ||
| 690 | _aMagie | ||
| 690 | _aModernité | ||
| 690 | _aMythe | ||
| 690 | _aMythes | ||
| 690 | _aPerte | ||
| 690 | _aSeigneur des Anneaux | ||
| 690 | _aTolkien | ||
| 690 | _aTristan Garcia | ||
| 786 | 0 | _nPhilosophie magazine - Hors séries | Hors série - Été-Autome 2022 | HS54 | 2022-07-01 | p. 21-23 | 2104-9246 | |
| 856 | 4 | 1 | _uhttps://shs.cairn.info/magazine-philosophie-magazine-2022-hs54-page-21?lang=fr&redirect-ssocas=7080 |
| 999 |
_c1849741 _d1849741 |
||